Normal view
MARC view
- Sen Gupta.S.C.
Entry Personal Name
001 - CONTROL NUMBER
- control field: 4791
003 - CONTROL NUMBER IDENTIFIER
- control field: OSt
005 - DATE AND TIME OF LATEST TRANSACTION
- control field: 20180116083637.0
008 - FIXED-LENGTH DATA ELEMENTS
- fixed length control field: 180116|| aca||aabn | a|a d
040 ## - CATALOGING SOURCE
- Original cataloging agency: OSt
- Transcribing agency: OSt
100 ## - HEADING--PERSONAL NAME
- Personal name: Sen Gupta.S.C.
670 ## - SOURCE DATA FOUND
- Source citation: Work cat.: (OSt): Sen Gupta.S.C., A Shakespeare Manual, 1977